| 000 | 00399nam a22001217a 4500 | ||
|---|---|---|---|
| 999 |
_c2341 _d2341 |
||
| 005 | 20200914105720.0 | ||
| 008 | 200914b ||||| |||| 00| 0 eng d | ||
| 020 | _a0192115456 | ||
| 040 | _cCML | ||
| 245 |
_aThe Oxford Dictionary of the Christian Church. _cCross, F.L. |
||
| 260 |
_aUnited States of America. _bOxford University Press _c1957 |
||
| 942 |
_2ddc _cBK _e2nd Edition _h260 _mCRO |
||